00268nam a2200085Ia 4500008004100000041000800041100002600049245005300075260005400128230206s9999 xx 000 0 und d aeng aT. S. Ravisankar, Ed. aPrajanan : Journal of Social Management Sciences c1997bNational Institute of Bank ManagementaPune